000 00355nam a2200145Ia 4500
008 231217s9999 xx 000 0 und d
041 _aEnglish
082 _a001.6424ASP NII;1 R
100 _aNIIT
245 0 _aProgramming in ASP.NET student guide
260 _c2002
_bNIIT
_aOkhla
300 _a538
650 _aProgramming,ASP.NET
942 _cAA
999 _c181890
_d181890